| 000 | 00619nam a2200205 i 4500 | ||
|---|---|---|---|
| 001 | 65095 | ||
| 003 | ES-MaACL | ||
| 005 | 20230906165310.0 | ||
| 007 | t| | ||
| 008 | 040108s1977 sp ||||1| spa d | ||
| 100 | 1 |
_aFragoso del Toro, Victor. _952086 |
|
| 245 | 1 | 0 |
_a¡Adelante la revolución! _b: (abril 1931-marzo 1933) / _cVictor Fragoso del Toro. |
| 250 | _a[4ª ed.]. | ||
| 260 |
_a[Madrid] : _bDoncel, _c[1977] |
||
| 300 |
_a228 p. : _bil. ; _c18 cm. |
||
| 490 | 1 |
_aLa España de ayer ; _v2 |
|
| 830 | 0 |
_aLa España de ayer ; _v2 _9230737 |
|
| 852 |
_aES-MaACL _jA-7228 _bR.96196 |
||
| 999 |
_c65095 _d65095 |
||